000 01368nam a2200277Ia 4500
999 _c56238
_d56238
001 23340
003 GE_BSU
005 20251229193038.0
008 181216s2003||||ge |||||||||||||| ||geo||
020 _a99940-13-65-3
040 _cGE_BSU
041 _ageo
080 _a94(479.22)"10" + 929.731(479.22) მ-59
100 _aმეტრეველი, როინ
_926625
245 _aმეფეთ მეფე გიორგი II :
_b (XI საუკუნის 70-80-იანი წლების საქართველოს პოლიტ. ისტორია) /
_cროინ მეტრეველი, ჯაბა სამუშია ; რედ.: გოგი სალიაშვილი.
264 _aთბილისი :
_bსახ. უნ-ტის გამ-ბა,
_c2003.
300 _a180 გვ. ;
_c20 სმ.
520 _aრეზ. ინგლ. და რუს. ენ.
541 _h8 ლ.
653 _aმეფეთ მეფე გიორგი II
653 _aსაქართველოს ისტორია, XI ს.
653 _a საქართველოს მეფეები
700 _aსამუშია, ჯაბა
_eავტორი
_926626
700 _aსალიაშვილი, გოგი
_eრედაქტორი
_918657
942 _cBK
_2udc